00564 2200169 4500001002100000005001500021035002000036245004900056110002000105250001100125300003700136260011800173082001600291084002200307020002200329650004300351INLIS00000000000181520241106112740 a0010-11240000731 aAngsa Putih di Kursi Roda /cRandi Ramliyana0 aRandi Ramliyana aCet. 1 a28 hlm. :bilus. ;c21 x 29,7 cm aJakarta :bBadan Pengembangan dan Pembinaan Bahasa, Kementrian Pendidikan, Kebudayaan, Riset dan Teknologi,c2023 a398.209 598 a398.209 598 RAN a a978-623-811-810-6 4aCerita Anak Indonesia. Kesustraan Anak